Countries Bordering NATO Countries - Statistics

General Stats
  • This quiz has been taken 206 times
    146 since last reset
  • The average score is 22 of 27
Answer Stats
Country % Correct
Russia
97%
Andorra
94%
Mexico
93%
Belarus
91%
San Marino
91%
Serbia
91%
Switzerland
91%
Vatican City
91%
Finland
89%
Sweden
89%
Ukraine
89%
Bosnia and Herzegovina
88%
Armenia
86%
Syria
86%
Austria
84%
Moldova
84%
Monaco
84%
Ireland
83%
Kosovo
82%
Georgia
81%
Iraq
81%
Iran
78%
Morocco
72%
North Macedonia
72%
Brazil
60%
Montenegro
59%
Suriname
53%
No matching quizzes found
Score Distribution
Percent of People with Each Score
Percentile by Number Answered
Your Score History
You have not taken this quiz since the last reset